000 00980nam a2200277 i 4500
003 DO-SdBNP
005 20250925101038.0
007 ta
008 110511e1948 000 spa d
040 _aDO-SdBNP
_bspa
_cBNPHU
_erda
041 _aspa
082 4 _a016.7293
_bA636b
_222
245 0 0 _aAnuario bibligráfico dominicano 1947 /
_cedición, Pedro René Contin Aybar
264 1 _aSanto Domingo :
_bEditora Luis Sánchez Andújar,
_c1948.
300 _a199 páginas ;
_c22 cm.
336 _atexto
_btxt
_2rdacontent
337 _asin medición
_bn
_2rdamedia
338 _avolumen
_bnc
_2rdacarrier
500 _aIncluye abreviaturas de periódicos y revista extractados.
590 _aInventariado 2023 / MF
650 4 _aLiteratura dominicana.
_967
_xBibliografías
651 0 _aRepública Dominicana
_xBibliografías
_978065
700 1 _aContín Aybar, Pedro René,
_d1907-1981
_eeditor
_4ed.
_923565
910 _aValidado. Control de calidad/MAA
942 _2ddc
_cLBS1
999 _c29849
_d29849